Old Testament survey : (Record no. 1852)
[ view plain ]
| 000 -LEADER | |
|---|---|
| fixed length control field | 00821cam a22002412 4500 |
| 001 - CONTROL NUMBER | |
| control field | 0000000755 |
| 005 - DATE AND TIME OF LATEST TRANSACTION | |
| control field | 20151217145722.0 |
| 008 - FIXED-LENGTH DATA ELEMENTS--GENERAL INFORMATION | |
| fixed length control field | 070216s xx 000 0 eng d |
| 020 ## - INTERNATIONAL STANDARD BOOK NUMBER | |
| Terms of availability | KES 3,900 |
| 040 ## - CATALOGING SOURCE | |
| Original cataloging agency | KABU |
| Transcribing agency | KABU |
| 050 #0 - LIBRARY OF CONGRESS CALL NUMBER | |
| Classification number | BS1140.2 |
| Item number | .L25 1996 |
| 100 1# - MAIN ENTRY--PERSONAL NAME | |
| Personal name | Lasor, William Sanford. |
| -- | 0000159959 |
| 245 10 - TITLE STATEMENT | |
| Title | Old Testament survey : |
| Remainder of title | the message, form and background of the Old Testament / |
| Statement of responsibility, etc. | William Sanford Lasor, David Allan Hubbard, Frederic Wm. Bush. |
| 250 ## - EDITION STATEMENT | |
| Edition statement | 2nd ed. |
| 260 ## - PUBLICATION, DISTRIBUTION, ETC. (IMPRINT) | |
| Place of publication, distribution, etc. | Grand Rapids, MI. : |
| Name of publisher, distributor, etc. | Eerdmans, |
| Date of publication, distribution, etc. | 1996. |
| 300 ## - PHYSICAL DESCRIPTION | |
| Extent | 860 p. |
| 630 00 - SUBJECT ADDED ENTRY--UNIFORM TITLE | |
| Uniform title | Bible. |
| Name of part/section of a work | O.T. |
| General subdivision | Introductions. |
| -- | 0000149088 |
| 700 1# - ADDED ENTRY--PERSONAL NAME | |
| Personal name | Hubbard, David Allan. |
| -- | 0000149214 |
| 700 1# - ADDED ENTRY--PERSONAL NAME | |
| Personal name | Bush, Frederic Wm. |
| -- | 0000159960 |
| 908 ## - PUT COMMAND PARAMETER (RLIN) | |
| Put command parameter | 070216 |
| 950 ## - LOCAL HOLDINGS (RLIN) | |
| -- | 1 |
| Withdrawn status | Lost status | Source of classification or shelving scheme | Not for loan | Home library | Current library | Date acquired | Total Checkouts | Full call number | Barcode | Date last seen | Date last checked out | Price effective from | Koha item type |
|---|---|---|---|---|---|---|---|---|---|---|---|---|---|
| Library of Congress Classification | Kabarak, Main Campus | Kabarak, Main Campus | 17/12/2015 | 9 | BS1140.2 .L25 1996 | 000208 | 02/08/2024 | 18/10/2019 | 17/12/2015 | General Collection |